[Event "RE-2012-0-00097"]
[Site "LSS email"]
[Date "2012.05.23"]
[Round "?"]
[White "Magana, David"]
[Black "Basson, Heinrich"]
[Result "0-1"]
[WhiteElo "1184"]
[BlackElo "1473"]
[PlyCount "42"]
[EventDate "2012.03.17"]
[EventType "tourn (corr)"]
[EventRounds "6"]
[EventCountry "GER"]
[SourceTitle "Telechess CBM 153"]
[Source "ChessBase"]
[SourceDate "2013.03.14"]
[SourceVersion "1"]
[SourceVersionDate "2013.03.14"]
[SourceQuality "1"]

1. d4 d5 2. c4 e6 3. Nc3 Nf6 4. Bg5 Be7 5. e3 0-0 6. Nf3 h6 7. Bh4 c6 8. Bd3 Nbd7 9. 0-0 Re8 10. Qc2 a6 11. Rfe1 b5 12. cxb5 cxb5 13. a3 Bb7 14. Rac1 Rc8 15. Qe2 Ne4 16. Bxe7 Qxe7 17. Bxe4 dxe4 18. Nxb5 exf3 19. gxf3 Qg5+ 20. Kh1 Qxb5 21. Qxb5 Bxf3+ 0-1

[Event "RE-2012-0-00097"]
[Site "LSS email"]
[Date "2012.05.23"]
[Round "?"]
[White "Magana, David"]
[Black "Martin, Dennis"]
[Result "1-0"]
[WhiteElo "1184"]
[BlackElo "1158"]
[PlyCount "31"]
[EventDate "2012.03.17"]
[EventType "tourn (corr)"]
[EventRounds "6"]
[EventCountry "GER"]
[SourceTitle "Corr 2015"]
[Source "ChessBase"]
[SourceDate "2015.07.17"]
[SourceVersion "1"]
[SourceVersionDate "2015.07.17"]
[SourceQuality "1"]

1. d4 Nf6 2. c4 c5 3. Nc3 cxd4 4. Qxd4 Nc6 5. Qd1 d6 6. Nf3 Bg4 7. e3 g6 8. h3 Bxf3 9. Qxf3 Bg7 10. Bd3 0-0 11. 0-0 Ne5 12. Qe2 Nxd3 13. Qxd3 a6 14. e4 Rc8 15. Nd5 Rc6 16. Be3 1-0

[Event "RE-2012-0-00097"]
[Site "LSS email"]
[Date "2012.05.23"]
[Round "?"]
[White "Piacentile, Carmine"]
[Black "Magana, David"]
[Result "1-0"]
[WhiteElo "1504"]
[BlackElo "1184"]
[PlyCount "37"]
[EventDate "2012.03.17"]
[EventType "tourn (corr)"]
[EventRounds "6"]
[EventCountry "GER"]
[SourceTitle "Telechess CBM 153"]
[Source "ChessBase"]
[SourceDate "2013.03.14"]
[SourceVersion "1"]
[SourceVersionDate "2013.03.14"]
[SourceQuality "1"]

1. d4 Nf6 2. Nc3 e6 3. e4 d5 4. e5 Nfd7 5. Nf3 c5 6. Nb5 a6 7. Nd6+ Bxd6 8. exd6 Qa5+ 9. Bd2 Qb6 10. dxc5 Nxc5 11. Be3 Qxd6 12. Qd4 Ne4 13. Qxg7 Rf8 14. Bd3 Nc6 15. Bxe4 dxe4 16. Ng5 Bd7 17. Nxh7 0-0-0 18. Nxf8 Rxf8 19. h4 1-0

[Event "RE-2012-0-00097"]
[Site "LSS email"]
[Date "2012.05.23"]
[Round "?"]
[White "Vogel, Helmut"]
[Black "Magana, David"]
[Result "1/2-1/2"]
[WhiteElo "1270"]
[BlackElo "1184"]
[PlyCount "35"]
[EventDate "2012.03.17"]
[EventType "tourn (corr)"]
[EventRounds "6"]
[EventCountry "GER"]
[SourceTitle "Telechess CBM 153"]
[Source "ChessBase"]
[SourceDate "2013.03.14"]
[SourceVersion "1"]
[SourceVersionDate "2013.03.14"]
[SourceQuality "1"]

1. e4 e6 2. d4 d5 3. Nd2 dxe4 4. Nxe4 Nd7 5. Nf3 Ngf6 6. Nxf6+ Nxf6 7. c3 Bd7 8. Be2 Be7 9. 0-0 0-0 10. Bg5 h6 11. Bh4 Nd5 12. Bg3 Bc6 13. Be5 Bf6 14. Bxf6 Qxf6 15. Ne5 Rfe8 16. Bf3 Ne7 17. Bxc6 Nxc6 18. Nxc6 1/2-1/2

[Event "BI-2012-P-00012"]
[Site "LSS email"]
[Date "2012.04.20"]
[Round "?"]
[White "Csaba, Fodor"]
[Black "Magana, David"]
[Result "1-0"]
[WhiteElo "1266"]
[BlackElo "1184"]
[PlyCount "25"]
[EventDate "2012.04.22"]
[EventType "tourn (corr)"]
[EventRounds "10"]
[EventCountry "GER"]
[SourceTitle "Corr 2015"]
[Source "ChessBase"]
[SourceDate "2015.07.17"]
[SourceVersion "1"]
[SourceVersionDate "2015.07.17"]
[SourceQuality "1"]

1. e4 e6 2. d4 d5 3. Nc3 dxe4 4. Nxe4 Nd7 5. Nf3 Ngf6 6. Nxf6+ Nxf6 7. c3 Bd6 8. Bd3 0-0 9. 0-0 Bd7 10. Ne5 Nd5 11. Re1 c5 12. Be3 Bxe5 13. dxe5 1-0

[Event "BI-2012-P-00012"]
[Site "LSS email"]
[Date "2012.04.20"]
[Round "?"]
[White "Magana, David"]
[Black "Malyszek, Tomasz"]
[Result "0-1"]
[WhiteElo "1184"]
[BlackElo "951"]
[PlyCount "58"]
[EventDate "2012.04.22"]
[EventType "tourn (corr)"]
[EventRounds "10"]
[EventCountry "GER"]
[SourceTitle "Telechess CBM 159"]
[Source "ChessBase"]
[SourceDate "2014.03.17"]
[SourceVersion "1"]
[SourceVersionDate "2014.03.17"]
[SourceQuality "1"]

1. d4 d5 2. c4 e6 3. Nc3 Nf6 4. Bg5 Be7 5. e3 dxc4 6. Bxc4 0-0 7. Nf3 a6 8. 0-0 b5 9. Be2 Bb7 10. Rc1 h6 11. Bh4 Nc6 12. Bg3 Nh5 13. Qb3 Nxg3 14. hxg3 Na5 15. Qc2 Bf6 16. b4 Nc4 17. Bxc4 bxc4 18. Na4 Bxf3 19. gxf3 Qd7 20. Nc5 Qc6 21. Qxc4 Qxf3 22. Nd7 Rfc8 23. Nxf6+ Qxf6 24. Qc6 Qe7 25. a3 a5 26. Qc5 Qxc5 27. Rxc5 axb4 28. axb4 c6 29. Rfc1 Rab8 0-1

[Event "RE-2012-0-00090"]
[Site "LSS email"]
[Date "2012.02.15"]
[Round "?"]
[White "Perepechenko, Vladislav"]
[Black "Magana, David"]
[Result "1-0"]
[WhiteElo "1533"]
[BlackElo "1277"]
[PlyCount "67"]
[EventDate "2012.01.18"]
[EventType "tourn (corr)"]
[EventRounds "6"]
[EventCountry "GER"]
[SourceTitle "Telechess CBM 153"]
[Source "ChessBase"]
[SourceDate "2013.03.14"]
[SourceVersion "1"]
[SourceVersionDate "2013.03.14"]
[SourceQuality "1"]

1. e4 e6 2. d4 d5 3. exd5 exd5 4. Bd3 Nf6 5. Nf3 Nc6 6. 0-0 Be7 7. Nc3 Bg4 8. Be3 0-0 9. h3 Bxf3 10. Qxf3 Re8 11. a3 Bf8 12. g4 g6 13. g5 Ne4 14. Bxe4 dxe4 15. Nxe4 Bg7 16. c3 Ne7 17. Bf4 Nf5 18. Ng3 Nxg3 19. fxg3 c6 20. Rae1 Qd5 21. Qf2 Re6 22. Rxe6 Qxe6 23. Re1 Qxh3 24. Re7 Qc8 25. Bd6 Qf5 26. Qxf5 gxf5 27. Rxb7 h6 28. gxh6 Bxh6 29. a4 Bd2 30. a5 Re8 31. Rxa7 Re1+ 32. Kf2 Rb1 33. Ba3 Bc1 34. a6 1-0

[Event "LSS No Engine Cup Gr08 prel 05 email"]
[Site "LSS email"]
[Date "2009.10.11"]
[Round "?"]
[White "Nucci, Luciano"]
[Black "Magana, David"]
[Result "1-0"]
[WhiteElo "2035"]
[BlackElo "1110"]
[PlyCount "41"]
[EventDate "2009.10.12"]
[EventType "tourn (corr)"]
[EventRounds "6"]
[EventCountry "GER"]
[SourceTitle "Telechess CBM 137"]
[Source "ChessBase"]
[SourceDate "2010.07.15"]
[SourceVersion "1"]
[SourceVersionDate "2010.07.15"]
[SourceQuality "1"]

1. d4 Nf6 2. c4 e6 3. Nf3 d5 4. Nc3 Be7 5. Bf4 c6 6. e3 Nbd7 7. h3 0-0 8. Qc2 a6 9. Rd1 Qa5 10. c5 b5 11. Bd3 Bb7 12. Qb3 h6 13. 0-0 Ne8 14. e4 f5 15. exd5 exd5 16. Rc1 g5 17. Nxd5 cxd5 18. c6 gxf4 19. cxb7 Rb8 20. Qxd5+ Kg7 21. Qxd7 1-0

[Event "LSS No Engine Cup Gr07 prel 01 email"]
[Site "LSS email"]
[Date "2009.09.24"]
[Round "?"]
[White "McDaniel, Jeff"]
[Black "Magana, David"]
[Result "0-1"]
[WhiteElo "631"]
[BlackElo "1590"]
[PlyCount "54"]
[EventDate "2009.09.25"]
[EventType "tourn (corr)"]
[EventRounds "6"]
[EventCountry "GER"]
[SourceTitle "Telechess CBM 137"]
[Source "ChessBase"]
[SourceDate "2010.07.15"]
[SourceVersion "1"]
[SourceVersionDate "2010.07.15"]
[SourceQuality "1"]

1. d4 Nf6 2. c4 e6 3. Nc3 Bb4 4. a3 Bxc3+ 5. bxc3 c5 6. d5 exd5 7. cxd5 d6 8. Nf3 0-0 9. Bg5 h6 10. Bh4 Bf5 11. c4 Nbd7 12. e3 Re8 13. Bd3 Bxd3 14. Qxd3 Ne5 15. Nxe5 dxe5 16. 0-0 g5 17. Bg3 e4 18. Qc3 h5 19. Be5 Ng4 20. Bh8 f6 21. h3 Ne5 22. f4 exf3 23. Bxf6 Qxf6 24. Qc1 Nd3 25. Rxf3 Qxf3 26. gxf3 Nxc1 27. Rxc1 Rxe3 0-1

[Event "LSS No Engine Cup Gr07 prel 01 email"]
[Site "LSS email"]
[Date "2009.09.24"]
[Round "?"]
[White "Navajas, Joaquin"]
[Black "Magana, David"]
[Result "1-0"]
[WhiteElo "1225"]
[BlackElo "1110"]
[PlyCount "47"]
[EventDate "2009.09.25"]
[EventType "tourn (corr)"]
[EventRounds "6"]
[EventCountry "GER"]
[SourceTitle "Telechess CBM 137"]
[Source "ChessBase"]
[SourceDate "2010.07.15"]
[SourceVersion "1"]
[SourceVersionDate "2010.07.15"]
[SourceQuality "1"]

1. d4 Nf6 2. c4 e6 3. Nf3 c5 4. Nc3 b6 5. d5 exd5 6. Nxd5 Bb7 7. Bf4 Bxd5 8. cxd5 d6 9. e3 Nbd7 10. Bb5 a6 11. Bc6 Rb8 12. Qa4 Qc8 13. Bxd7+ Qxd7 14. Qxd7+ Nxd7 15. 0-0 Be7 16. Nd2 g5 17. Bg3 h5 18. h3 f5 19. Nc4 g4 20. Nxd6+ Bxd6 21. Bxd6 Rc8 22. Rfe1 Kf7 23. e4 Nf6 24. exf5 1-0

[Event "LSS RD-2009-0-00026"]
[Site "LSS email"]
[Date "2009.09.18"]
[Round "?"]
[White "Magana, David"]
[Black "Kazimierski, Tomasz"]
[Result "0-1"]
[WhiteElo "1590"]
[BlackElo "1400"]
[PlyCount "56"]
[EventDate "2009.05.10"]
[EventType "tourn (corr)"]
[EventRounds "6"]
[EventCountry "GER"]
[SourceTitle "Corr 2022"]
[Source "ChessBase"]
[SourceDate "2021.10.24"]
[SourceVersion "1"]
[SourceVersionDate "2021.10.24"]
[SourceQuality "1"]

1. d4 g6 2. c4 c6 3. Nc3 d5 4. Bf4 Bg7 5. e3 Nf6 6. Nf3 0-0 7. Rc1 Be6 8. c5 Nh5 9. Bg3 Nxg3 10. hxg3 Bc8 11. b4 Nd7 12. Bd3 e5 13. Be2 exd4 14. exd4 Nf6 15. 0-0 Re8 16. Re1 Bf5 17. Ne5 Nd7 18. g4 Be6 19. f4 Nxe5 20. dxe5 f6 21. exf6 Qxf6 22. g3 Bd7 23. Qd2 Re7 24. Nd1 Rae8 25. Nf2 Re3 26. Nd3 Rxg3+ 27. Kf2 Qh4 28. Rh1 Bd4+ 0-1

[Event "LSS OP-2009-0-00937"]
[Site "LSS email"]
[Date "2009.09.12"]
[Round "?"]
[White "Magana, David"]
[Black "Stringa, Alejandro J"]
[Result "1-0"]
[WhiteElo "1590"]
[BlackElo "1223"]
[PlyCount "43"]
[EventDate "2009.09.04"]
[EventType "tourn (corr)"]
[EventRounds "4"]
[EventCountry "GER"]
[SourceTitle "Corr 2011"]
[Source "ChessBase"]
[SourceDate "2010.08.31"]
[SourceVersion "1"]
[SourceVersionDate "2010.08.31"]
[SourceQuality "1"]

1. d4 d5 2. c4 e6 3. Nf3 c6 4. Bf4 Nf6 5. e3 Nbd7 6. Nc3 Qa5 7. Qc2 Ne4 8. Nd2 Nxc3 9. Qxc3 Qxc3 10. bxc3 Nf6 11. Rb1 Be7 12. cxd5 exd5 13. c4 dxc4 14. Bxc4 b6 15. 0-0 0-0 16. Rfc1 Bb7 17. a4 Rab8 18. Bxb8 Rxb8 19. a5 b5 20. Bd3 Nd5 21. Ne4 Bb4 22. a6 1-0

[Event "LSS RD-2009-0-00026"]
[Site "LSS email"]
[Date "2009.09.12"]
[Round "?"]
[White "Visser, Bob"]
[Black "Magana, David"]
[Result "1-0"]
[WhiteElo "1401"]
[BlackElo "1590"]
[PlyCount "45"]
[EventDate "2009.05.10"]
[EventType "tourn (corr)"]
[EventRounds "6"]
[EventCountry "GER"]
[SourceTitle "Telechess CBM 137"]
[Source "ChessBase"]
[SourceDate "2010.07.15"]
[SourceVersion "1"]
[SourceVersionDate "2010.07.15"]
[SourceQuality "1"]

1. f4 Nf6 2. Nf3 d5 3. e3 e6 4. b3 c5 5. Bb2 Nc6 6. Bb5 Bd7 7. 0-0 a6 8. Bxc6 Bxc6 9. d3 Be7 10. Nbd2 0-0 11. Ne5 Qc7 12. g4 Nd7 13. Nxc6 bxc6 14. Qf3 Bf6 15. Bxf6 Nxf6 16. g5 Nd7 17. e4 f6 18. Qh3 Rae8 19. gxf6 Nxf6 20. e5 Nd7 21. Nf3 Rf5 22. Ng5 h6 23. Nxe6 1-0

[Event "LSS RD-2009-0-00026"]
[Site "LSS email"]
[Date "2009.09.11"]
[Round "?"]
[White "Magana, David"]
[Black "Evtushenko, Sergey Aleksandrovi"]
[Result "0-1"]
[WhiteElo "1590"]
[BlackElo "1561"]
[PlyCount "26"]
[EventDate "2009.05.10"]
[EventType "tourn (corr)"]
[EventRounds "6"]
[EventCountry "GER"]
[SourceTitle "Corr 2013"]
[Source "ChessBase"]
[SourceDate "2012.11.12"]
[SourceVersion "1"]
[SourceVersionDate "2012.11.12"]
[SourceQuality "1"]

1. d4 d5 2. c4 c6 3. Nc3 Nf6 4. Bf4 dxc4 5. e4 b5 6. f3 a5 7. a4 Ba6 8. axb5 cxb5 9. b3 e6 10. bxc4 bxc4 11. Qa4+ Nbd7 12. Qxa5 Qxa5 13. Rxa5 Bb4 0-1